zpět

Detail výsledku týmu

Harry, Brno

Datum a čas kvízu

21 Celkem bodů Celkový počet nahraných bodů na tomto kvízu bez doplňovacích otázek.
13. Pořadí na kvízu Konečné umístění týmu na tomto kvízu.

Zaznamenané odpovědi

# Otázka Odpověď Body Výsledky
1. Prezidentská kancelář zveřejni... špatná akustika 0
2. Minulý týden soud osvobodil čt... v Belgii 0
3. Mezinárodní filmový festival K... Ivan Trojan 1
4. Minulý týden jsme se dozvěděli... Datart 1
5. Který český hokejista v úterý... Jakub Voráček 0
6. Bešamelová omáčka se standardn... muškátovým oříškem/květem 0
7. Napište zakrytou značku zobraz... Kikkoman 1
8. Když se řekne omáčka, určitě s... 15 0
9. Město Worcester dalo jméno jed... C; ločidlo 0
10. Jak se označuje tato jednoduch... velouté 0